<?xml version="1.0" encoding="UTF-8"?>
<collection xmlns="http://www.loc.gov/MARC21/slim">
  <record>
    <leader>00000nam  2200000   4500</leader>
    <controlfield tag="001">INLIS000000000018313</controlfield>
    <controlfield tag="005">20240927013333</controlfield>
    <datafield tag="035" ind1="#" ind2="#">
      <subfield code="a">0010-0924000142</subfield>
    </datafield>
    <controlfield tag="007">ta</controlfield>
    <controlfield tag="008">240927###########################0######</controlfield>
    <datafield tag="245" ind1="#" ind2="#">
      <subfield code="a">SAPA Bumbes :</subfield>
      <subfield code="b">Sapa Badan Usaha Milik Desa /</subfield>
      <subfield code="c">Herwan, S.Sos., M.Si</subfield>
    </datafield>
    <datafield tag="260" ind1="#" ind2="#">
      <subfield code="a">Makassar :</subfield>
      <subfield code="b">Puslatbang KMP LAN RI Makassar,</subfield>
      <subfield code="c">2024</subfield>
    </datafield>
    <datafield tag="300" ind1="#" ind2="#">
      <subfield code="a">36 ;</subfield>
      <subfield code="c">30</subfield>
    </datafield>
    <datafield tag="650" ind1="#" ind2="4">
      <subfield code="a">Mendorong pelaksanaan pelatihan dan bimbingan teknis untuk pengurus Bumdes</subfield>
    </datafield>
    <datafield tag="700" ind1=" " ind2="#">
      <subfield code="a">Andi Davied Syamsudding, S.STP., M.Si (Mentor)</subfield>
    </datafield>
    <datafield tag="700" ind1=" " ind2="#">
      <subfield code="a">Ahmad Sukarno Syahrir, S.IP., M.Adm., SDA (Coach)</subfield>
    </datafield>
    <datafield tag="520" ind1="#" ind2="#">
      <subfield code="a">Masih ada 3 (tiga Desa) yang belum aktif Badan Usaha Milik Desa (Bumdes) permasalahan nya, Adapun utama sehingga Bumdes belum berkembang adalah masih rendahnya kualitas sumber daya manusia pengurus Bumdes vang berpengaruh pada pengembangan Badan Usaha Milik desa (BUMDES) serta kurangnya dan perhatian dari pemerintah Desa Berdasarkan kondisi tersebut, maka Pemimpin Aksi Perubahan mempunyai beberapa alternatif solusi untuk mengatasi masalah yang ada, antara lain memimpin edukasi secara berkala, mendorong pelaksanaan pelatihan dan bimbingan tekhnis untuk pengurus Bumdes, melakukan pengawasan melalui monitoring dan evaluasi terhadap pemerintah Desa dalam mengawal pengaktifan usaha Bumdes nya. Oleh karena itu, reformer membuat dan merancang aksi perubahan " SAPA BUMDES Inovasi ini merupakan sebuah solusi yang akan di implementasikan untuk menghadapi berbagai persoalan dalam rangka mengaktifkan dan mengembangkan Badan Usaha Milik Desa (BUMDES).</subfield>
    </datafield>
    <datafield tag="856" ind1="#" ind2="#">
      <subfield code="a">Puslatbang KMP LAN RI Makassar</subfield>
    </datafield>
  </record>
</collection>
